| 000 | 00000nam##2200000za#4500 |
| 001 | 9.603989 |
| 003 | CaOODSP |
| 005 | 20210624211340 |
| 007 | cr ||||||||||| |
| 008 | 150406|1991||||xxc|||||o f|0| 0 fre|d |
| 022 | |a1488-545X |
| 040 | |aCaOODSP|bfre |
| 043 | |an-cn--- |
| 086 | 1 |aFs97-6/1803F-PDF |
| 110 | 1 |aCanada.|bMinistère des pêches et des océans.|bDirection de la gestion de l'habitat du poisson. |
| 245 | 10|aEssais en mer d'un mécanisme de relâchement à retardement par corrosion galvanique pour les casiers à crabe des neiges / |h[ressource électronique]|cpar M. Gagnon et M. Boudreau. |
| 260 | |aQuébec - Québec : |bPêches et Océans Canada. |cMars 1991. |
| 300 | |a34p.|bfigures, graphiques, références, tableaux, photographies |
| 490 | 1 |aRapport technique canadien des sciences halieutiques et aquatiques|x1488-545X|vN°1803 |
| 500 | |aLe n° de catalogue (Fs97-6/1803F), l'ISSN (0706-6570), et l'ISBN (0-662-96891-3) de l'édition imprimée ont été incorrectement copiés dans l'édition électronique. |
| 546 | |a(Abstract in English) |
| 590 | |a12-23-Supp|b2012-05-28 |
| 720 | 1 |aGagnon, M. |
| 720 | 1 |aBoudreau, M. |
| 776 | 0#|tEssais en mer d'un mécanisme de relâchement à retardement par corrosion galvanique pour les casiers à crabe des neiges / |w(CaOODSP)9.621246 |
| 830 | #0|aRapport technique canadien des sciences halieutiques et aquatiques,|x1488-545X|vN°1803|w(CaOODSP)9.500867 |
| 856 | 40|ahttp://publications.gc.ca|qPDF|s1.32 Mo|uhttps://publications.gc.ca/collections/collection_2012/mpo-dfo/Fs97-6-1803-fra.pdf|yN°1803 |